000 00824nam a2200205 i 4500
001 142080
003 ES-MaACL
005 20251012202121.0
007 t|
008 071002s1971 sp a |||| | spa d
110 2 _aSociedad Española de Bioquímica.
_bCongreso Nacional
_n(5º.
_d1971.
_cBarcelona)
_9170940
245 1 0 _aVirus y cáncer
_b: homenaje a F. Durán-Reynals : V Congreso Nacional de la Sociedad Española de Bioquímica, Barcelona 1971 /
_ceditado por W.M. Stanley ... [et al.].
260 _a[Barcelona :
_bs.n.],
_c1971 (
_f: Imp. Socitra)
300 _aXIV, 452 p. :
_bil. ;
_c25 cm.
600 1 7 _aDuran Reynals, Francesc,
_d1899-1958
_2
_9170941
650 4 _aVirus.
_9147553
650 4 _aCáncer-
_vCongresos y asambleas.
_9166438
852 _aES-MaACL
_jC-43118
999 _c142080
_d142080